Datum a čas kvízu
22
Celkem bodů
Celkový počet nahraných bodů na tomto kvízu bez doplňovacích otázek.
5.
Pořadí na kvízu
Konečné umístění týmu na tomto kvízu.
Zaznamenané odpovědi
| # | Otázka | Odpověď | Body | Výsledky |
|---|---|---|---|---|
| 1. | Senát nominoval rekordních 125... | Jan Kubiš, Adolf Opálka | 0.5 | |
| 2. | Policie v Nashvillu v americké... | C) hrál v pornografickém filmu | 0 | |
| 3. | Jak se jmenuje či jak si říká... | Martin Mikyska / Mikýř | 1 | |
| 4. | Americký výrobce čipů prezentu... | Nvidia | 1 | |
| 5. | Naše talentovaná 24letá reprez... | plavání | 0 | |
| 6. | Jak se nazývá specializované o... | A | 1 | |
| 7. | Jak se jmenuje ovoce na obrázk... | kumquat (nagami nebo počeštěně kumkvat) | 1 | |
| 8. | Nyní nás bude zajímat ovoce zv... | C | 0 | |
| 9. | Vypište z následující řady dva... | kiwano, goji | 0.5 | |
| 10. | Níže jsou názvy tří odrůd jabl... | C | 1 |